000 00550nam a2200169Ia 4500
008 090201s9999 xx 000 0 und d
010 _aKPL-63252
040 _bमराठी
041 _aमराठी
082 _a3025
_b63252
100 _aविजया राजाध्यक्ष
245 _aआधी...नंतर
_cविजया राजाध्यक्ष
260 _c2004
_bडिंपल पब्लिकेशन्स
300 _a248
_bमोठा
600 _aआधी...नंतर
942 _cBOOK
999 _c204113
_d204113